Southville International School and Colleges
Your cart is empty.
  • Cart
  • Lists
    Public lists Eva Luna New books Lux_list list_1
    Your lists Log in to create your own lists
  • Log in to your account
  • Your cookies
  • Search history
Southville International School and Colleges
  • Advanced search
  • Recent comments
  • Most popular
  • Libraries

Log in to your account

Log in with GOOGLE


If you do not have an external account, but do have a local account, you can still log in:

  1. Home
  2. MARC view: Informatics and machine learning : from martingales to metaheuristics
Normal view MARC view ISBD view

Informatics and machine learning : from martingales to metaheuristics (Record no. 365861)

[ view plain ]
MARC details
000 -LEADER
fixed length control field 00662nam a22002057a 4500
003 - CONTROL NUMBER IDENTIFIER
control field 0
005 - DATE AND TIME OF LATEST TRANSACTION
control field 20240117072314.0
008 - FIXED-LENGTH DATA ELEMENTS--GENERAL INFORMATION
fixed length control field 240117b xxu||||| |||| 00| 0 eng d
020 ## - INTERNATIONAL STANDARD BOOK NUMBER
International Standard Book Number 978-1-119-71674-7
050 ## - LIBRARY OF CONGRESS CALL NUMBER
Classification number Q 325.5
Item number .H55 2022
100 ## - MAIN ENTRY--PERSONAL NAME
Personal name Hilt, Stephen W.
245 ## - TITLE STATEMENT
Title Informatics and machine learning : from martingales to metaheuristics
Statement of responsibility, etc Stephen W. Hilt
260 ## - PUBLICATION, DISTRIBUTION, ETC. (IMPRINT)
Place of publication, distribution, etc New Jersey
Name of publisher, distributor, etc John Wiley & Sons, Inc.
Date of publication, distribution, etc c2022.
300 ## - PHYSICAL DESCRIPTION
Extent xv, 566 pages ;
Dimensions 24 cm.
504 ## - BIBLIOGRAPHY, ETC. NOTE
Bibliography, etc Includes bibliographical references, glossary, and index.
650 ## - SUBJECT ADDED ENTRY--TOPICAL TERM
Topical term or geographic name as entry element Machine learning.
650 ## - SUBJECT ADDED ENTRY--TOPICAL TERM
Topical term or geographic name as entry element Computer science.
650 ## - SUBJECT ADDED ENTRY--TOPICAL TERM
Topical term or geographic name as entry element Bioinformatics.
942 ## - ADDED ENTRY ELEMENTS (KOHA)
Source of classification or shelving scheme Library of Congress Classification
Koha item type Books
Holdings
Withdrawn status Lost status Source of classification or shelving scheme Damaged status Home library Current library Shelving location Date acquired Source of acquisition Sub Shelving location Total Checkouts Full call number Barcode Date last seen Price effective from Koha item type
    Library of Congress Classification   College Library College Library Reserve Section 01/17/2024 Library Fund     Q 325.5 .H55 2022 C23265 01/17/2024 01/17/2024 Books

Informatics and machine learning : from martingales to metaheuristics

APA

Hilt S. W., . (2022). Informatics and machine learning : from martingales to metaheuristics. New Jersey: John Wiley & Sons, Inc.

Chicago

Hilt Stephen W, . 2022. Informatics and machine learning : from martingales to metaheuristics. New Jersey: John Wiley & Sons, Inc.

Harvard

Hilt S. W., . (2022). Informatics and machine learning : from martingales to metaheuristics. New Jersey: John Wiley & Sons, Inc.

MLA

Hilt Stephen W, . Informatics and machine learning : from martingales to metaheuristics. New Jersey: John Wiley & Sons, Inc. 2022.

  • Place hold
  • Print
  • Cite
  • Add to your cart (remove)
  • Save record
    BIBTEX Dublin Core MARCXML MARC (non-Unicode/MARC-8) MARC (Unicode/UTF-8) MARC (Unicode/UTF-8, Standard) MODS (XML) RIS
  • More searches
    Search for this title in:
    Other Libraries (WorldCat) Other Databases (Google Scholar) Online Stores (Bookfinder.com) Open Library (openlibrary.org)

Exporting to Dublin Core...

SOUTHVILLE LIBRARY

Southville International School and Colleges Library

1281 Tropical Ave. Cor. Luxembourg St., BF Homes International, Las Pinas City

Tel. No. 8256374 / 252358 Loc. 117/146

Powered by Koha